000 00547nam a22001817a 4500
005 20160812124217.0
010 _aENG-115744
020 _a9789381384275
_c150.00
035 _aEN-99276
037 _bDBAD/PUB
082 _a641.5
100 _aReejhsinghani,Aroona
245 _a(One Hunderd One ) ways to prepare Curies /
_cby Aroona Reejhsinghani
260 _aNew Delhi
_bV & S Publishers
_c2013
270 _aF-2/16 Ansari Road,Daryaganj
_bNew Delhi
_e110002
300 _a136p.
_c23cm(pbk)
942 _2ddc
_cEN
_h101
_mREE
999 _c102255
_d102255